Statistics for Anagram Equations #1 (World Locations)

Click here to take the quiz!

General Stats

  • This quiz has been taken 1,686 times
  • The average score is 9 of 20

Answer Stats

Hint + Answer % Correct
LIBRAZBrazil
89%
COWSMOMoscow
84%
TYPEGEgypt
79%
AWAITNTaiwan
77%
NOONDLLondon
75%
CUMINHMunich
53%
ACHINGIMMichigan
47%
SILKENHIHelsinki
44%
COACHGIChicago
36%
MEASUREJLJerusalem
35%
LAGOONIMMongolia
35%
RUBLESSSBrussels
32%
FRAILDOFlorida
31%
BARNACLEOBarcelona
30%
BRANDUDurban
26%
ALONEBNLebanon
23%
MANURESISuriname
21%
ARENASBKNebraska
17%
SHROUDANHonduras
13%
COUSINANAsunción
4%

Score Distribution

Percentile by Number Answered

Percent of People with Each Score

Your Score History

You have not taken this quiz